000 00825cam a2200241 a 4500
001 000015758
005 20200929164137.0
008 740924s1967 ve 000 0 spa d
040 _aDO-SdBNP
_cDeU
_dDLC
_dBNPHU
082 _a070
_bM953i
100 1 _aMujica, Héctor,
_99015
245 1 3 _aEl imperio de la noticia :
_balgunos problemas de la información en el mundo contemporáneo /
_cHéctor Mujica.
260 _a[Caracas], (Venezuela) :
_bUniversidad Central de Venezuela,
_c[1967].
300 _a254 p. ;
_c16 cm.
490 1 _aAvance
_v15
504 _aIncluye referencias bibliográficas: p. 245-251.
650 4 _aPeriodismo
_929
650 4 _aFilosofía del periodismo
_935454
650 4 _aPeriodismo histórico
_935455
830 0 _aAvance ;
_v15
_925824
910 _aCatalogación derivada
049 _aBNGR
999 _c15306
_d15306